00209nam a2200085Ia 4500008004100000100002300041245003600064260001500100300000800115190216s9999||||xx |||||||||||||| ||und|| aFrancis Cherunilam 0aBusiness Enviornment And Policy bNullc2001 a65p